Kategorizácia softvérových testov bakalárska práca
Guardado en:
| Autor principal: | |
|---|---|
| Autor Corporativo: | |
| Otros Autores: | |
| Formato: | Libro |
| Lenguaje: | eslovaco |
| Publicado: |
Bratislava
2015
|
| Etiquetas: |
Sin Etiquetas, Sea el primero en etiquetar este registro!
|
MARC
| LEADER | 00000nbm a2200000 4500 | ||
|---|---|---|---|
| 001 | 0206570 | ||
| 005 | 20161212114746.2 | ||
| 041 | 0 | |a slo | |
| 044 | |a SK | ||
| 245 | 1 | 0 | |a Kategorizácia softvérových testov |b bakalárska práca |c Marián Solnica ; školiteľ: Eva Mačurová |
| 264 | 1 | |a Bratislava |c 2015 | |
| 300 | |a 41 s. | ||
| 100 | 1 | |a Solnica, Marián | |
| 700 | 1 | |a Mačurová, Eva | |
| 710 | 2 | |a Fakulta hospodárskej informatiky EU. Katedra aplikovanej informatiky | |